ბათუმის შოთა რუსთაველის სახელმწიფო უნივერსიტეტის ბიბლიოთეკა

თხზულებათა სრული კრებული სამ ტომად (ბიბ.ჩანაწერი № 42244)

000 -LEADER
fixed length control field 00917nam a2200241Ia 4500
001 - CONTROL NUMBER
control field 8939
003 - CONTROL NUMBER IDENTIFIER
control field GE_BSU
008 - FIXED-LENGTH DATA ELEMENTS--GENERAL INFORMATION
fixed length control field 181216s||||||||xx |||||||||||||| ||und||
040 ## - CATALOGING SOURCE
Transcribing agency GE_BSU
080 ## - UNIVERSAL DECIMAL CLASSIFICATION NUMBER
Universal Decimal Classification number 821.353.1-31
100 ## - MAIN ENTRY--PERSONAL NAME
Personal name კვიცარიძე,დავით
245 ## - TITLE STATEMENT
Title თხზულებათა სრული კრებული სამ ტომად
245 ## - TITLE STATEMENT
Remainder of title ტ.1:სადა ხარ მარინე!ნდობა:რომანები.
245 ## - TITLE STATEMENT
Statement of responsibility, etc. რედ:თეიმურაზ ლანჩავა;ოთარ ქანდარია.
260 ## - PUBLICATION, DISTRIBUTION, ETC.
Place of publication, distribution, etc. ქუთაისი
260 ## - PUBLICATION, DISTRIBUTION, ETC.
Name of publisher, distributor, etc. საბჭ.საქართველო
260 ## - PUBLICATION, DISTRIBUTION, ETC.
Date of publication, distribution, etc. 1981.
300 ## - PHYSICAL DESCRIPTION
Extent 655გვ;20სმ.
300 ## - PHYSICAL DESCRIPTION
Other physical details პორტრეტი.
653 ## - INDEX TERM--UNCONTROLLED
Uncontrolled term რომანები
653 ## - INDEX TERM--UNCONTROLLED
Uncontrolled term სადა ხარ მარინე!ნდობა
942 ## - ADDED ENTRY ELEMENTS (KOHA)
Koha item type წიგნი
ეგზემპლარები
Withdrawn status Lost status Damaged status Not for loan Date acquired Barcode Date last seen Price effective from Koha item type
        2018-12-17 31454 2018-12-17 2018-12-17 წიგნი